000 01646naa a22003257a 4500
001 BR9403471
003 BR-BrBNA
005 20240918181149.0
007 ta
008 230509b bl.||||| |||| 00| 0 por d
040 _aBR-BrBNA
_bpor
_cBiblioteca Nacional de Agricultura
041 _a(Pt)
072 _aF01
_b0230
090 _aF01 BR9403471
100 1 _aCosta, E.F.S. da
100 1 _aSimoes Neto, D.E.
100 1 _aGuedes, W.B.
111 1 _a2. Congresso Nacional da Sociedade de Tecnicos Acucareiros do Brasil1. Simposio Latino-Americano sobre Modalidades de Financiamento a Producao de Energia Renovavel
_cRio de Janeiro, RJ (Brazil)
_d16-21 Aug 1981
245 1 _aObservacoes preliminares sobre plantio da cana-de-acucar em diferentes tipos de sulcos e densidades de mudas nos estados de Pernambuco, Paraiba e Rio Grande do Norte
260 3 _aRio de Janeiro, RJ (Brasil):
_c1981.
500 _aAnais do 2. Congresso Nacional da Sociedade de Tecnicos Acucareiros do Brasil e do 1. Simposio Latino-Americano sobre Modalidades de Financiamento a Producao de Energia Renovavel Rio de Janeiro, RJ (Brasil): 1981. v. 3 p. 415-433 (BR9403471-AM)F01
650 _aCana de Acucar
650 _aDensidade de Plantio
650 _aPernambuco
650 _aParaiba
650 _aRio Grande do Norte
773 0 _tAnais do 2. Congresso Nacional da Sociedade de Tecnicos Acucareiros do Brasil e do 1. Simposio Latino-Americano sobre Modalidades de Financiamento a Producao de Energia Renovavel
_wF01 BR9403471
_gRio de Janeiro, RJ (Brasil), 1981. v. 3 p. 415-433
909 _a202404
_bLucia
_c55
_dLucia Elande
942 _cAM
_2AGRIS
999 _c323898
_d323898